000 00369nam a2200133 4500
999 _c1432
_d1432
008 200123b ||||| |||| 00| 0 eng d
082 0 0 _a510.246238
_bS6421
100 _9689
_aMunro-Smith, R.
245 1 0 _aMathematics for the merchant navy exams /
_cR. Munro-Smith
260 _aOxford
_bTechnical press
_c1975
300 _a.
650 0 _aMathematics
942 _2ddc
_cBK